Spieler von Bayern München - Sudden Death - Statistiken

Allgemein
  • Dieses Quiz wurde 1.823 mal gespielt
  • Das Durchschnittsergebnis liegt bei 16 aus 20
Answers on the Grid
Answers color-coded by a green-red scale on the quiz's grid according to % correct below.
Thomas Müller
Mats Hummels
Alphonso Davies
Xabi Alonso
Oliver Kahn
Leroy Sané
Robert Lewandowski
Miroslav Klose
Franck Ribéry
Sadio Mané
Douglas Costa
Harry Kane
Grzegorz Krychowiak
Corentin Tolisso
Gerd Müller
Élber
Karl-Heinz Rummenigge
David Alaba
Arturo Vidal
Jamal Musiala
Juan Bernat
Karim Adeyemi
Alexis Sánchez
Vincent Kompany
Robin van Persie
Christian Vieri
Florian Wirtz
Kevin-Prince Boateng
Jan Koller
Mesut Özil
Mohamed Salah
David Ginola
 
Antwortstatistiken
Antwort % Korrekt
Thomas Müller
84%
Harry Kane
83%
Robert Lewandowski
83%
Jamal Musiala
82%
Leroy Sané
82%
Oliver Kahn
82%
David Alaba
81%
Franck Ribéry
81%
Alphonso Davies
80%
Gerd Müller
80%
Mats Hummels
80%
Sadio Mané
78%
Xabi Alonso
77%
Arturo Vidal
76%
Karl-Heinz Rummenigge
75%
Corentin Tolisso
74%
Douglas Costa
74%
Juan Bernat
73%
Miroslav Klose
73%
Élber
67%
Keine übereinstimmenden Quizze gefunden
Verteilung der Resultate
Anzahl Personen mit jedem Resultat
Perzentil nach korrekt beantworteten Fragen
Ihre Resultats-Entwicklung
Sie haben dieses Quiz noch nicht gespielt